Chế độ kế toán hành chính, sự nghiệp (Theo Thông tư số 107/2017/TT-BTC ngày 10/10/2017 của Bộ Tài chính) Bộ tài chính
Giới thiệu đầy đủ nội dung của Thông tư số 107/2017/TT-BTC; bổ sung Hệ thống sơ đồ kế toán và một số ví dụ minh họa nhằm cụ thể hóa các quy định của Thông tư số 107/2017/TT-BTC trong việc hạch toán kế toán một số nghiệp vụ kinh tế chủ yếu....
Đã lưu trong:
| Tác giả chính: | |
|---|---|
| Định dạng: | Sách |
| Năm xuất bản: |
H.
Tài chính
2017
|
| Chủ đề: | |
| Tags: |
Thêm thẻ
Không có thẻ, Hãy là người đầu tiên gắn thẻ bản ghi này!
|
| LEADER | 01239nam a2200217 4500 | ||
|---|---|---|---|
| 999 | |c 15042 |d 15042 | ||
| 082 | |a 657 |b Ch250đ | ||
| 100 | |a Bộ tài chính | ||
| 245 | |a Chế độ kế toán hành chính, sự nghiệp (Theo Thông tư số 107/2017/TT-BTC ngày 10/10/2017 của Bộ Tài chính) |b Bộ tài chính | ||
| 260 | |a H. |b Tài chính |c 2017 | ||
| 300 | |a 660tr. |c 27cm. | ||
| 520 | |a Giới thiệu đầy đủ nội dung của Thông tư số 107/2017/TT-BTC; bổ sung Hệ thống sơ đồ kế toán và một số ví dụ minh họa nhằm cụ thể hóa các quy định của Thông tư số 107/2017/TT-BTC trong việc hạch toán kế toán một số nghiệp vụ kinh tế chủ yếu. | ||
| 653 | |a Chế độ kế toán | ||
| 653 | |a Kế toán hành chính | ||
| 653 | |a Chứng từ | ||
| 653 | |a Hành chính sự nghiệp | ||
| 653 | |a Kế toán | ||
| 653 | |a Tài chính | ||
| 942 | |2 ddc |c STK0 | ||
| 952 | |0 0 |1 0 |2 ddc |4 0 |6 657_000000000000000_CH250Đ |7 0 |8 600 |9 113649 |a qbu |b qbu |c D3 |d 2017-12-26 |g 350000 |o 657 Ch250đ |p 12599.c1 |r 2017-12-26 |w 2017-12-26 |y STK0 | ||
| 952 | |0 0 |1 0 |2 ddc |4 0 |6 657_000000000000000_CH250Đ |7 0 |8 600 |9 113650 |a qbu |b qbu |c D3 |d 2017-12-26 |g 350000 |o 657 Ch250đ |p 12599.c2 |r 2017-12-26 |w 2017-12-26 |y STK0 | ||